000 00298nam a22001337a 4500
003 SGT
082 _a610
_bC68R
100 _aRomanes, G. J.
245 _aCunningham's Manual of Practical Anatomy
250 _a13th Ed.
260 _bOxford Univ. Press
_c1968
300 _a271
942 _2ddc
_cRARE
999 _c33147
_d33147